| 000 | 00956nam a2200289 i 4500 | ||
|---|---|---|---|
| 003 | DO-SdBNP | ||
| 005 | 20250128171711.0 | ||
| 007 | ta | ||
| 008 | 240812b2006 sp ||||| |||| 00| 0 spa d | ||
| 020 | _a8497594010 | ||
| 040 |
_aDO-SdBNP _bspa _cBNPHU _erda |
||
| 082 | 4 |
_bB639e _222 |
|
| 100 | 1 |
_aBlanchard, Kenneth, _d1939- _946897 _eautor |
|
| 245 | 1 | 3 |
_aEl ejecutivo al minuto / _cKenneth Blanchard, Spencer Johnson ; tradución, Antoni Pigrau |
| 264 |
_aBarcelona : _bRandom House Mondadori, _c2006. |
||
| 300 |
_a188 páginas ; _c19 cm. |
||
| 336 |
_2rdacontent _atexto _btxt |
||
| 337 |
_2rdamedia _asin mediación _bn |
||
| 338 |
_2rdacarrier _avolumen _bnc |
||
| 490 | 1 |
_aDeBolsillo _v503 |
|
| 534 |
_pTítulo original en inglés: _tThe one minute manager. _cNueva York, 1982 |
||
| 590 | _aInventariado, 2024/BT | ||
| 700 | 1 |
_aJohnson, Spencer _946898 |
|
| 700 | 1 |
_aJohnson, Spencer _etraducción _946899 |
|
| 910 | _aBtavárez | ||
| 942 |
_2ddc _cLBS1 |
||
| 999 |
_c57408 _d57408 |
||